MARC

LEADER 00000nam0a2200000 4500
001 43269
005 20231031015949.0
010 |a 5222009025 
035 |a (RuTPU)RU\TPU\book\44730 
090 |a 43269 
100 |a 20021004d2000 m y0rusy50 ca 
101 0 |a rus 
102 |a RU 
105 |a y j 000zy 
200 1 |a Культурология  |e учебное пособие  |f Под ред. Г. В. Драча 
205 |a 2-е изд., доп. и перераб. 
210 |a Ростов-на-Дону  |c Феникс  |d 2000 
215 |a 608 с. 
451 1 |0 (RuTPU)RU\TPU\book\31445  |y 5-222-00902-5  |t Культурология  |o учебное пособие  |f Под ред. Г. В. Драча  |e 2-е изд., доп. и перераб.  |c Ростов-на-Дону  |n Феникс  |d 2001  |p 608 с. 
451 1 |0 (RuTPU)RU\TPU\book\14087  |y 5-222-00902-5  |t Культурология  |o учебное пособие  |f Под ред. Г. В. Драча  |e 2-е изд., доп. и перераб.  |c Ростов-на-Дону  |n Феникс  |d 1999  |p 608 с. 
610 1 |a культура 
610 1 |a культурология 
610 1 |a теория 
610 1 |a мировая культура 
610 1 |a история 
610 1 |a Древний мир 
610 1 |a средние века 
610 1 |a Возрождение 
610 1 |a Новое время 
610 1 |a постмодерн 
610 1 |a Россия 
610 1 |a русская культура 
610 1 |a хрестоматии 
610 1 |a учебные пособия 
686 |a Ч111я73  |v LBC/SL-A  |2 rubbk 
702 1 |a Драч  |b Г. В.  |4 340 
801 1 |a RU  |b 63413507  |c 20021004  |g PSBO 
801 2 |a RU  |b 63413507  |c 20201016  |g PSBO 
900 |a Культурология 
942 |c BK 
951 |a 520100  |b 020600